书目信息 |
| 题名: |
学前儿童卫生与保健
|
|
| 作者: | 张海丽 主编 | |
| 分册: | ||
| 出版信息: | 北京 北京理工大学出版社 2018 |
|
| 页数: | 199页 | |
| 开本: | 26cm | |
| 丛书名: | ||
| 单 册: | ||
| 中图分类: | R175 | |
| 科图分类: | ||
| 主题词: | 学前儿童--卫生保健--教材 | |
| 电子资源: | ||
| ISBN: | 978-7-5682-4383-4 | |
| 000 | 01142nam0 2200229 450 | |
| 001 | 5327 | |
| 005 | 20180528194729.18 | |
| 010 | @a978-7-5682-4383-4@dCNY56.00 | |
| 100 | @a20180412d2018 em y0chiy50 ea | |
| 101 | 0 | @achi |
| 102 | @aCN@b110000 | |
| 105 | @aak az 000yy | |
| 200 | 1 | @a学前儿童卫生与保健@9xue qian er tong wei sheng yu bao jian@f张海丽主编 |
| 210 | @a北京@c北京理工大学出版社@d2018 | |
| 215 | @a199页@c彩图,照片@d26cm | |
| 320 | @a有书目(第199页) | |
| 330 | @a本书共有六个单元,分别是:单元一学前儿童身体特点与卫生保健,介绍了幼儿的生理解剖特点和生长发育的规律;单元二学前儿童营养卫生,介绍了营养学的基础知识和幼儿合理配膳;单元三学前儿童常见意外伤害的预防与处理,介绍了幼儿常见的意外事故以及发生火灾、地震、走失的应急预案;单元四学前儿童心理卫生保健,介绍了幼儿常见的心理卫生问题及矫治措施;单元五学前儿童常见疾病的预防与处理,介绍了幼儿常见的传染病以及常见病的病因、症状、预防及护理措施;单元六托幼机构的卫生保健制度,系统地介绍了托幼机构的卫生保健制度和生活制度。 | |
| 606 | 0 | @a学前儿童@x卫生保健@j教材 |
| 690 | @aR175@v5 | |
| 701 | 0 | @a张海丽@9zhang hai li@4主编 |
| 801 | 0 | @aCN@b91MARC@c20180412 |
| 905 | @aMuseLib@dR175@e255 | |
| 学前儿童卫生与保健/张海丽主编.-北京:北京理工大学出版社,2018 |
| 199页:彩图,照片;26cm |
| ISBN 978-7-5682-4383-4:CNY56.00 |
| 本书共有六个单元,分别是:单元一学前儿童身体特点与卫生保健,介绍了幼儿的生理解剖特点和生长发育的规律;单元二学前儿童营养卫生,介绍了营养学的基础知识和幼儿合理配膳;单元三学前儿童常见意外伤害的预防与处理,介绍了幼儿常见的意外事故以及发生火灾、地震、走失的应急预案;单元四学前儿童心理卫生保健,介绍了幼儿常见的心理卫生问题及矫治措施;单元五学前儿童常见疾病的预防与处理,介绍了幼儿常见的传染病以及常见病的病因、症状、预防及护理措施;单元六托幼机构的卫生保健制度,系统地介绍了托幼机构的卫生保健制度和生活制度。 |
| ● |
| 相关链接 |
|
|
|
|
正题名:学前儿童卫生与保健
索取号:R175/255
 
预约/预借
| 序号 | 登录号 | 条形码 | 馆藏地/架位号 | 状态 | 备注 |
| 1 | 1112875 | 211128750 | 第二样本阅览室/ [索取号:R175/255] | 在馆 | |
| 2 | 1112876 | 211128769 | 教育系资料室/ [索取号:R175/255] | 在馆 | |
| 3 | 1112877 | 211128778 | 教育系资料室/ [索取号:R175/255] | 在馆 | |
| 4 | 1112878 | 211128787 | 第三借阅区/ [索取号:R175/255] | 在馆 |